000 00669nam a2200265Ia 4500
003 OSt
005 20231016165547.0
008 210210b1934 xxu||||| |||| 00| 0 eng d
040 _cAL
041 _aeng
082 _a823/312
100 _aSHAKESPEARE (William)
_9138235
245 _aMuch ado about nothing: the tempest
260 _aCambridge
_bAt the University Press
_c1934
650 _athe
_9138236
650 _atempest
_9138237
650 _anothing:
_9138238
650 _anothing
_9138238
650 _aMuch
_9138239
650 _aado
_9138240
650 _aabout
_9138241
690 _aEnglish Drama
_9138242
906 _a013856
942 _2ddc
_cBK
999 _c132924
_d132924